000
00332 a2200157 4500
001
155650
040
_c
Escola São Tomás de Aquino
100
_a
CHAUI, Marilena
240
1
0
_a
FIlosofia
_l
por
245
1
0
_a
FIlosofia
300
_a
280
362
0
_a
2009
440
1
_a
Ática
697
_a
FILOSOFIA E PSICOLOGIA
942
_c
BK
999
_c
155650
_d
155650